Statistics for Brawl stars Quiz 2020

Click here to take the quiz!

General Stats

  • This quiz has been taken 288 times
  • The average score is 9 of 15

Answer Stats

QuestionAnswer% Correct
Who is the developer of Brawl Stars?Supercell
91%
At how many tropheys do you unlock dynamike?2000
79%
How much gold do you need to update a brawler to level 9?1250
77%
At what level do you unlock star powers?9
72%
When do you unlock your first brawler in the trophey road?10
71%
How much does the brawl pass cost? (In gems)169
71%
how much tokens do you have daily?200
70%
How many levels does The battle pass from season 1 have?60
70%
Which quality has El Primo?Special
64%
From which brawler is this? "Time for trouble"Colt
63%
Which one of these gamemodes is not rotatotory?Balon brawl
59%
How many tokens do you get for doing the daily challenges?100
53%
How many brawler do you get at the trophey road?10
33%
When do you start to lose tropheys at the end of the season?21
26%
When is the last reward in the trophey road?14500
22%

Score Distribution

Percentile by Number Answered

Percent of People with Each Score

Your Score History

You have not taken this quiz